[Event "Spring Chess Classic 2017-B"]
[Site "Saint Louis"]
[Date "2017.05.19"]
[Round "4"]
[White "Fier, Alexandr"]
[Black "Liang, Awonder"]
[Result "0-1"]
[WhiteElo "2569"]
[BlackElo "2488"]
[Annotator "TA"]
[PlyCount "152"]
[EventDate "2017.??.??"]
[EventType "tourn"]
[EventCountry "USA"]
[SourceTitle "playchess.com"]
[Source "ChessBase"]
[SourceQuality "1"]

{[%evp 21,152,44,58,0,0,0,0,-2,0,-21,-21,-8,-14,-31,-21,-93,-104,-96,-82,-82,-89,-89,-81,-86,-95,-95,-81,-95,-59,-73,-60,-49,-37,-120,-120,-141,-101,-102,-100,-106,-102,-158,-177,-171,-156,-216,-216,-356,-350,-354,-335,-387,-360,-395,-385,-405,-393,-396,-389,-390,-378,-347,-325,-448,-445,-451,-452,-446,-454,-460,-459,-501,-485,-602,-595,-587,-577,-704,-714,-766,-762,-754,-752,-741,-713,-695,-712,-810,-621,-945,-941,-4890,-500,-512,-507,-489,-499,-495,-476,-623,-618,-602,-603,-592,-577,-545,-523,-536,-523,-603,-412,-525,-523,-490,-502,-519,-517,-533,-415,-507,-505,-514,-510,-518,-496,-621,-614,-784,-734,-704,-614,-1853,-1781]} 1. d4 Nf6 2. c4 g6 3. f3 e6 4. e4 c5 5. d5 d6 6. Nc3 Bg7 7. Bg5 exd5 8. cxd5 O-O 9. Qd2 a6 10. a4 Nbd7 11. Nh3 {A65: Modern Benoni: 6 e4} Qa5 {LiveBook: 27 Games} (11... Rb8 12. Nf2 Qc7 13. Be2 c4 14. O-O b5 15. axb5 axb5 16. b4 Ne5 17. Be3 Bd7 18. Rac1 Rfc8 19. f4 Neg4 20. Bxg4 Nxg4 21. Nxg4 Bxg4 {1-0 (33) Miton,K (2612)-Kantans,T (2513) Tallinn 2016}) 12. Nd1 (12. Be2 $14) 12... Qxd2+ $11 13. Bxd2 {The position is equal.} Ne5 $146 {aiming for ...Bxh3.} ({Predecessor:} 13... Re8 14. Be2 Nh5 15. g4 Nhf6 16. Bc3 Ne5 17. Nf4 Nfd7 18. Ne3 Rb8 19. a5 Nf8 20. h4 Bd7 {½-½ (20) Kunicki,M (2026)-Worek,J (2210) Polanica Zdroj 2001}) 14. Nhf2 Bd7 15. a5 Bb5 16. Ne3 Nh5 {[%cal Bf6h5,Bh5f4,Bf4e2,Be2d4][%mdl 32]} 17. Rc1 f5 {With the idea ...Nf4.} 18. exf5 (18. b3 $1 $11) 18... gxf5 $17 19. b3 Nf4 20. Kd1 Rae8 21. Kc2 Bxf1 22. Rcxf1 Ne2 23. Rb1 Nd4+ 24. Kd1 Bf6 25. f4 Ng6 {[%cal Be5g6,Bg6e7,Be7d5][%mdl 32]} 26. g3 Ne7 27. b4 {[#]} ({White should try} 27. Bc3 $1 $15) 27... Nb5 $1 $36 {[%mdl 2048] Black is really pushing.} 28. Rc1 Bd4 {...Bxe3 is the strong threat.} 29. bxc5 dxc5 30. Nd3 Rd8 31. Kc2 ({White should play} 31. Ke2) 31... Nxd5 32. Nc4 Nf6 33. h3 (33. Rce1 $17) 33... Ne4 $19 34. g4 (34. Be1 $142) 34... Bg7 35. Be3 Nd4+ 36. Kb1 Nb3 37. Rcd1 {Now Kc2 and White clings on.} Nc3+ 38. Kc2 Nxd1 39. Rxd1 Nd4+ 40. Kb1 Nb5 41. Kc2 Bd4 42. gxf5 Bxe3 43. Nxe3 Nd4+ 44. Kc3 Nxf5 45. Rg1+ Kh8 46. Nc4 Nd4 {White must now prevent ...Ne2+.} 47. Re1 Nb5+ 48. Kc2 Rd4 49. Nce5 c4 50. Nc5 Rfxf4 51. Ng4 Rd8 52. Re7 Rfd4 {( -> ...Rd2+)} 53. Ne4 R4d7 54. Re5 c3 55. Ngf6 Rc7 {Strongly threatening ...Nd4+.} 56. Nc5 Nd4+ (56... Rd2+ $142 57. Kc1 Nd4) 57. Kxc3 {[#]} Ne6 $1 {[%mdl 512]} 58. Nfe4 (58. Rxe6 Rxc5+) 58... Nxc5 59. Nxc5 {[%mdl 4096] Endgame KRR-KRN} Kg7 60. Kb3 Kf6 61. Rh5 Kg6 62. Re5 Rd6 63. h4 b6 64. Rg5+ Kf7 65. Rf5+ Kg8 66. Ne4 Rd3+ 67. Kb2 bxa5 68. Rxa5 Rd4 69. Nf6+ Kf8 70. h5 Ra7 {Black is clearly winning.} 71. Rf5 Kg7 72. Kc3 Rh4 73. Nd5 Rf7 74. Re5 Rf3+ 75. Kd2 Rh2+ 76. Ke1 Ra3 {Precision: White = 42%, Black = 80%.} 0-1

[Event "Spring Chess Classic 2017-B"]
[Site "Saint Louis"]
[Date "2017.05.19"]
[Round "4"]
[White "Chirila, Ioan-Cristian"]
[Black "Chandra, Akshat"]
[Result "1-0"]
[WhiteElo "2536"]
[BlackElo "2495"]
[Annotator "TA"]
[PlyCount "63"]
[EventDate "2017.??.??"]
[EventType "tourn"]
[EventCountry "USA"]
[SourceTitle "playchess.com"]
[Source "ChessBase"]
[SourceQuality "1"]

{[%evp 9,63,30,34,35,33,33,61,53,66,53,64,70,70,36,38,37,63,37,44,45,35,35,56,56,112,120,124,109,131,128,134,146,139,122,233,207,278,271,309,317,307,287,346,325,412,412,583,583,533,509,721,554,975,911,1125,949]} 1. c4 e5 2. g3 Nc6 3. Bg2 Bc5 4. Nc3 a6 5. e3 (5. Nf3 d6 6. d3 Nf6 7. O-O h6 8. a3 O-O 9. b4 Ba7 10. Bb2 Re8 11. e3 Ne7 12. Nd2 Rb8 13. Nde4 Ng6 14. Rc1 c6 15. c5 Nxe4 16. Nxe4 d5 17. Nd6 Bd7 18. Nxe8 Qxe8 {0-1 (44) Grischuk,A (2754)-Carlsen,M (2857) chess.com INT 2016}) 5... d6 6. Nf3 {A25: English Opening vs King's Indian with ...Nc6 but without early d3} Ba7 7. d4 Nf6 8. dxe5 {White is slightly better.} Nxe5 9. Nxe5 dxe5 10. Qxd8+ Kxd8 11. b3 c6 12. Ba3 Kc7 13. Rd1 $146 {[#] Strongly threatening Bd6+.} ({Predecessor:} 13. O-O-O) 13... Rd8 14. Rxd8 Kxd8 15. h3 Kc7 16. g4 $36 {[%cal Bg3g4,Bg4f5][%mdl 2080] White is pushing.} h6 {[#]} (16... Be6 $14) 17. Bf8 $1 $16 {[%cal Rf8g7]} Ne8 18. Ke2 Be6 19. Be4 Rd8 20. Bf5 Bxf5 21. gxf5 Nd6 (21... Rd7 $16 22. Ne4 f6) 22. Bxd6+ $18 ({Much less strong is} 22. Bxg7 $6 Re8 $16) 22... Rxd6 {[%mdl 4096] Endgame KRB-KRN} 23. Rg1 g5 24. Ne4 Rd8 25. Kf3 b5 26. c5 Rd5 27. Rc1 Kd8 (27... h5 $142 28. Nxg5 Bxc5 29. Nxf7 Ba3) 28. Kg4 {White is clearly winning.} Ke7 29. Kh5 Rd8 30. Kxh6 Rh8+ 31. Kg7 Rxh3 32. Rd1 {Precision: White = 93%, Black = 37%.} 1-0

[Event "Spring Chess Classic 2017-B"]
[Site "Saint Louis"]
[Date "2017.05.19"]
[Round "4"]
[White "Abdumalik, Zhansaya"]
[Black "Ali Marandi, Cemil Can"]
[Result "0-1"]
[WhiteElo "2420"]
[BlackElo "2479"]
[Annotator "TA"]
[PlyCount "72"]
[EventDate "2017.??.??"]
[EventType "tourn"]
[EventCountry "USA"]
[SourceTitle "playchess.com"]
[Source "ChessBase"]
[SourceQuality "1"]

{[%evp 13,72,38,35,0,21,9,37,27,26,18,12,7,14,-50,-44,-34,-31,-29,-41,-139,-97,-88,-63,-88,-58,-69,13,-31,-7,-17,-4,-20,-15,-26,-21,-47,-20,-40,-26,-84,-32,-93,-89,-204,-195,-264,-276,-317,-314,-310,-314,-307,-299,-1036,-1013,-6207,-6299,-4982,-3395,-29992,-29993]} 1. e4 e5 2. Nf3 Nc6 3. Bb5 a6 4. Ba4 g6 5. c3 d6 6. d4 Bd7 7. d5 {C76: Ruy Lopez: Deferred Steinitz: 5 c3 Bd7 6 d4 g6} (7. dxe5 Nxe5 8. Nxe5 dxe5 9. Be3 Nf6 10. Nd2 b5 11. Bb3 Bd6 12. Qf3 h6 13. a4 Rb8 14. axb5 axb5 15. O-O {1-0 (36) Sutovsky,E (2650)-Rodshtein,M (2701) Poikovsky 2017}) 7... Nce7 {LiveBook: 25 Games} 8. Bc2 Bg7 9. c4 $146 {The position is equal.} ({Predecessor:} 9. O-O Nf6 10. Nbd2 O-O 11. Re1 Nh5 12. Nf1 h6 13. h3 Qe8 14. g4 Nf4 15. Bxf4 exf4 {½-½ (50) Fernandes,J (1787)-Dantas,C (2191) Famalicao 2016}) 9... h6 10. Nc3 f5 11. exf5 gxf5 12. Nh4 {White wants to play Nxf5!} Nf6 13. f4 ({White should play} 13. b3 $11) 13... e4 $15 14. Be3 O-O 15. O-O $1 b5 16. b3 (16. Bb3 $15) 16... bxc4 17. bxc4 c5 {White must now prevent ...Ng4.} 18. h3 Nh7 19. Qe1 Bf6 ({Black should try} 19... Bxc3 $15 20. Qxc3 Nxd5) 20. Rc1 Kh8 (20... Bxc3 $5 21. Qxc3 Nxd5 $15) 21. Kh1 Rg8 22. Rg1 Rb8 23. Bb3 Qe8 24. g3 Qf7 (24... Bxh4 $5 25. gxh4 Qh5 $15) 25. Kh2 Rg7 26. Ng2 (26. Bd2 $11) 26... Ng5 (26... Rbg8 $1 $17 27. Ne2 Rb8) 27. fxg5 (27. Nh4 $15) 27... hxg5 $17 28. Ne2 {[#]} (28. Rb1 $17 {was called for.}) 28... Ng6 $1 $19 {[%cal Be7g6,Bg6e5,Be5f3][%mdl 1056] Black has strong compensation.} 29. Nef4 {[#]} (29. Rf1 $142 Ne5 30. Ng1) 29... Ne5 $1 {[%cal Re5f3]} (29... gxf4 30. Nxf4 Ne5 31. Bd1 $17) 30. Bd1 Rb2 (30... gxf4 31. Nxf4 Rb2+ 32. Rg2 $15) 31. Kh1 ({Don't play} 31. Nh5 Rh7 $19) 31... Nf3 ({Less strong is} 31... gxf4 32. Nxf4 Rxa2 33. Rb1 $17) 32. Bxf3 exf3 {[%cal Be4f3,Bf3f2][%mdl 32]} ({Stronger than} 32... gxf4 33. Nxf4 exf3 34. Qf1 $11) 33. Ne6 $2 (33. Qf1 fxg2+ 34. Rxg2) 33... Bxe6 34. dxe6 Qh5 {[%cal Rh5h3]} 35. Nh4 gxh4 36. gxh4 f2 {Precision: White = 18%, Black = 55%.} 0-1

[Event "Spring Chess Classic 2017-B"]
[Site "Saint Louis"]
[Date "2017.05.19"]
[Round "4"]
[White "Paikidze, Nazi"]
[Black "Belous, Vladimir"]
[Result "0-1"]
[WhiteElo "2372"]
[BlackElo "2587"]
[Annotator "TA"]
[PlyCount "82"]
[EventDate "2017.??.??"]
[EventType "tourn"]
[EventCountry "USA"]
[SourceTitle "playchess.com"]
[Source "ChessBase"]
[SourceQuality "1"]

{[%evp 18,82,26,21,12,-40,-32,-43,-33,-100,-104,-130,-123,-165,-139,-146,-139,-181,-161,-151,-168,-175,-185,-218,-217,-218,-211,-314,-303,-429,-304,-310,-286,-392,-391,-386,-383,-391,-391,-357,-295,-297,-291,-303,-299,-296,-295,-310,-293,-285,-280,-325,-308,-317,-294,-302,-282,-283,-278,-304,-291,-310,-296,-432,-447,-434,-433]} 1. d4 d5 2. c4 e6 3. Nc3 Nf6 4. cxd5 exd5 5. Bg5 Nbd7 6. e3 c6 7. Bd3 Bd6 8. Nge2 Nf8 9. Qc2 Ng6 10. O-O-O {LiveBook: 3 Games. D36: Queen's Gambit Declined: Exchange Variation: Main line (5 Bg5 c6 6 Qc2)} h6 (10... O-O 11. Bxg6 hxg6 12. f3 b5 13. g4 b4 14. Na4 Ba6 15. Nf4 Bb5 16. Nc5 Qe7 17. Rhe1 Bxc5 18. dxc5 {1-0 (50) Morozevich,A (2755)-Savchenko,B (2583) Moscow 2007}) 11. Bxg6 (11. Bxf6 $11 Qxf6 12. e4) 11... hxg5 $15 12. Bd3 {Black is slightly better.} Be6 13. h4 $146 (13. h3 $15) ({Predecessor:} 13. f3 Qa5 14. e4 dxe4 15. fxe4 Ng4 16. d5 Bd7 17. dxc6 Bxc6 {1-0 (45) Bae,T (2175)-Ferkingstad,S (2075) Gausdal 1998}) 13... gxh4 $17 14. Nf4 Bd7 15. Bf5 Bxf5 16. Qxf5 Qd7 17. Qc2 Bxf4 18. exf4 O-O-O 19. Qd3 Rde8 20. Rde1 Rxe1+ 21. Rxe1 Qg4 22. g3 (22. Qh3 {is a better defense.}) 22... h3 $19 {[%cal Bh4h3,Bh3h2][%mdl 32]} 23. Qd1 (23. Rh1 $142) 23... h2 {[#] And now ...Qxd1+ would win.} 24. Rh1 {Now Qxg4+ and White clings on.} g5 25. Qxg4+ Nxg4 {[%mdl 4096] Endgame KRN-KRN} 26. Nd1 gxf4 27. gxf4 Rh3 28. Kd2 Rf3 29. Ke2 Rxf4 30. f3 Nh6 ({Inferior is} 30... Rxd4 31. fxg4 Re4+ 32. Kd2 $11) 31. Rxh2 Nf5 32. Nf2 Nxd4+ 33. Ke3 {[#]} Rh4 $1 {[%mdl 512]} 34. Rg2 (34. Rxh4 Nf5+) 34... Nf5+ 35. Ke2 Rc4 36. Rg8+ Kd7 {aiming for ...Rc2+.} 37. Kd2 Rh4 38. Ng4 Nd6 39. b3 Rh1 40. Ke3 (40. Rg5 $142) 40... Ra1 41. Ne5+ Ke6 {Precision: White = 32%, Black = 83%.} 0-1

[Event "Spring Chess Classic 2017-B"]
[Site "Saint Louis"]
[Date "2017.05.20"]
[Round "5"]
[White "Belous, Vladimir"]
[Black "Abdumalik, Zhansaya"]
[Result "1-0"]
[WhiteElo "2587"]
[BlackElo "2420"]
[Annotator "TA"]
[PlyCount "165"]
[EventDate "2017.??.??"]
[EventType "tourn"]
[EventCountry "USA"]
[SourceTitle "playchess.com"]
[Source "ChessBase"]
[SourceQuality "1"]

{[%evp 16,165,-14,0,20,20,16,13,30,36,37,32,27,0,75,81,87,82,90,92,101,35,108,98,76,86,108,108,116,92,89,88,265,254,232,241,368,349,310,175,162,147,168,156,333,335,397,327,325,329,329,329,327,329,314,327,319,319,302,301,295,295,295,283,290,291,282,275,269,232,211,64,64,53,60,60,70,87,249,201,249,250,393,393,400,400,415,5,435,340,347,340,374,340,1177,350,12826,347,12829,12830,12830,335,12830,335,12832,12831,12832,12831,12832,12833,12825,335,12828,335,5816,335,12835,12836,12836,12837,12837,12837,12839,12840,12840,12841,12841,12841,12844,12845,12845,12846,12846,12847,12850,29975,12851,29978,12851,29979,12851,29980,12851,29980,12851,29981,12851,29981,12851,29980,12851,29984]} 1. Nf3 Nf6 2. c4 c5 3. Nc3 d5 4. cxd5 Nxd5 5. g3 Nc6 6. Bg2 g6 7. Qa4 Bg7 {A34: Symmetrical English: 2 Nc3, lines with ...d5} 8. Ng5 e6 9. Nge4 {LiveBook: 7 Games} Bf8 $146 {The position is equal.} ({Predecessor:} 9... Nb6 10. Qb5 c4 11. Na4 O-O 12. Nxb6 axb6 13. Qxc4 e5 14. Qc2 Be6 {0-1 (35) So,W (2779)-Vachier Lagrave,M (2731) Saint Louis 2015}) 10. d3 Be7 11. Bh6 Nb6 12. Qd1 Nd4 $1 13. O-O Nf5 14. Qc1 f6 (14... Nxh6 $11 15. Qxh6 f5) 15. Be3 $36 {[%mdl 2048] Black is under strong pressure.} Nd4 16. b4 cxb4 17. Bxd4 $1 {Nb5 is the strong threat.} bxc3 18. Bxc3 (18. Qxc3 $16 {[%cal Re4f6]} O-O 19. Rfc1) 18... Na4 ({Black should try} 18... O-O $14) 19. Bd2 Bd7 20. Bh6 Kf7 21. Qf4 Nb6 22. Rfc1 Qb8 23. Qf3 Nd5 $2 (23... Rc8 $16 {was worth a try.}) 24. Ng5+ $18 Ke8 25. e4 Nf4 (25... Nb6 $142) 26. gxf4 ({Less strong is} 26. Qxf4 Qxf4 27. gxf4 fxg5 $16) 26... fxg5 27. Bxg5 ({Don't do} 27. fxg5 $6 Bd6 $18) (27. Rab1 $142) 27... Bxg5 28. fxg5 Rf8 {[#]} 29. Qg3 $1 e5 $2 (29... Qf4 $16 30. Rc7 b6) 30. Rc5 Rf4 31. Rac1 b6 32. Rc7 {Strongly threatening Bh3.} Qd8 33. Bh3 Bxh3 34. Qxh3 {Qe6+ would kill now.} Qxg5+ 35. Kh1 Qg4 36. Qxg4 ({Not} 36. Rxh7 Qxh3 37. Rxh3 Rf7 $16) 36... Rxg4 37. Rxh7 {[%mdl 4096] Endgame KRR-KRR} Rf4 38. Kg2 Rf7 39. Rh8+ Rf8 40. Rxf8+ Kxf8 {KR-KR} 41. Rc7 Rd8 42. Rxa7 Rxd3 {[#]} 43. Rb7 ({Better is} 43. h4 $1 $18) 43... Rd4 $1 $14 44. Rxb6 Rxe4 45. Ra6 Kg7 46. a4 {[%cal Ba2a4,Ba4a5,Ba5a6,Ba6a7][%mdl 32] Black must now prevent a5.} Rf4 $2 (46... g5 $16 47. a5 Rg4+ 48. Kf3 Rf4+ 49. Ke2 Re4+ 50. Kd3 Rd4+ 51. Ke3 Rd8) 47. Ra7+ Kh6 48. Ra8 Kg7 (48... Rf7 $142 49. a5 Rf4) 49. a5 $18 Ra4 50. a6 Ra3 51. f3 $2 (51. a7 $18) 51... Kh7 $2 {[%mdl 8192]} (51... Ra2+ $11 52. Kg1 Ra1+ 53. Kf2 Ra2+ 54. Ke3 Rxh2) 52. a7 Kg7 53. Kf2 Kh7 54. Ke2 Kg7 $2 (54... Ra2+ 55. Kd3 Ra5) 55. Kd2 $2 (55. h4 Kh7 56. Kd2) 55... Kh7 $2 (55... Ra2+ 56. Kc3 g5) 56. Kc2 $2 (56. h4 Kg7 57. Kc2) 56... Kg7 $2 (56... g5 57. Kb2 Ra4) 57. Kb2 Ra6 58. Kb3 $2 (58. h4 Ra5 59. Kc3) 58... Kh7 $2 (58... g5 59. h3 Kh7) 59. Kb4 $2 (59. h4 Kg7 60. Kb4) 59... Kg7 $2 (59... g5 60. Kc4 Ra5) 60. Kb5 Ra2 61. Kb6 Rb2+ 62. Kc6 Ra2 63. Kd6 $2 (63. h4 Ra1 64. Kd5) 63... Ra5 $2 (63... g5 64. h3 Ra5) 64. Ke6 $2 (64. h4 Kh7 65. Kc6) 64... Kh7 $2 (64... g5 65. Kf5 e4+ 66. Kxe4 Ra3) 65. Kf6 $2 (65. h3 Ra6+ 66. Kxe5) 65... Ra6+ $2 (65... Ra3 66. Kxe5 g5) 66. Kxe5 Kg7 67. Kf4 Ra4+ 68. Kg3 Kh7 69. h4 Kg7 70. f4 {[%cal Bf3f4,Bf4f5][%mdl 32]} Ra3+ 71. Kg4 Ra5 {[#]} 72. h5 $1 gxh5+ (72... Rxh5 73. Re8) 73. Kh4 Kh7 {[#]} 74. f5 $1 {[%cal Rf5f6][%mdl 512]} Ra4+ (74... Rxf5 75. Rd8) 75. Kxh5 Ra5 76. Kg4 Ra4+ 77. Kf3 (77. Kg5 $18 Ra5 78. Kf6) 77... Ra3+ 78. Ke4 Ra4+ 79. Kd3 Ra3+ 80. Kc4 Ra4+ 81. Kb3 Ra6 82. Kb4 (82. f6 $18 Kg6 83. Rg8+ Kf7 84. a8=Q Rxa8 85. Rxa8 Kxf6 86. Ra5 Kg6 87. Kc4) 82... Rb6+ 83. Ka5 {Precision: White = 52%, Black = 39%.} 1-0

[Event "Spring Chess Classic 2017-B"]
[Site "Saint Louis"]
[Date "2017.05.20"]
[Round "5"]
[White "Gelashvili, Tamaz"]
[Black "Chirila, Ioan-Cristian"]
[Result "0-1"]
[WhiteElo "2563"]
[BlackElo "2536"]
[Annotator "TA"]
[PlyCount "75"]
[EventDate "2017.??.??"]
[EventType "tourn"]
[EventCountry "USA"]
[SourceTitle "playchess.com"]
[Source "ChessBase"]
[SourceQuality "1"]

{[%evp 12,75,11,4,10,18,41,27,28,13,16,27,22,26,32,19,18,23,29,20,32,32,34,-34,-36,-30,-20,-24,-21,-14,0,-60,-57,-114,-109,-141,-139,-152,-54,-53,-31,-37,-25,-31,-38,-34,-35,-34,-28,-30,-19,-19,-23,-24,-17,-63,0,0,0,-502,-494,-494,-487,-12835,-12835,-1864]} 1. e4 e5 2. Nf3 Nc6 3. d4 exd4 4. Nxd4 Nf6 5. Nxc6 bxc6 6. Bd3 d5 7. Qe2 {LiveBook: 16 Games} Bb4+ {C45: Scotch Game} ({Of course not} 7... Nxe4 $6 8. f3 $16) (7... Be7 8. Nd2 O-O 9. O-O Nd7 10. exd5 cxd5 11. Nb3 c5 12. c4 dxc4 13. Bxc4 Nb6 14. Bd3 Be6 15. Rd1 Qc7 16. Qe4 g6 17. Bf4 {1-0 (30) Najer,E (2679)-Inarkiev,E (2727) Poikovsky 2017}) 8. Bd2 Qe7 {[%cal Rd5e4]} 9. exd5 $146 {[#] And now Bxb4 would win.} ({Predecessor:} 9. Bxb4 Qxb4+ 10. c3 Qe7 11. Nd2 Rb8 12. O-O-O O-O 13. e5 Nd7 14. f4 Nc5 15. Bc2 {1-0 (31) Comp Hitech-Blokhuis,E (2305) The Hague 1991}) 9... Bxd2+ {White has an edge.} 10. Nxd2 cxd5 11. O-O-O Qxe2 12. Bxe2 Be6 13. Nb3 Ke7 14. Rhe1 Kd6 15. c4 c6 16. c5+ Kc7 17. Bd3 (17. Ba6 $14) 17... Nd7 $15 18. Rd2 Rhb8 19. Bxh7 a5 20. Bg6 Rh8 (20... Re8 $5 {[%cal Rf7g6]} 21. Rde2 Rh8 $11) 21. Nd4 (21. f4 $11) 21... Rxh2 22. f3 (22. f4 $15) 22... Rh6 $17 23. Bf5 {[%cal Rf5e6]} Nxc5 24. Rc2 Kd6 (24... Bxf5 $17 25. Rxc5 Bd7) 25. Kb1 $15 Rh4 26. g4 g6 27. Bxe6 Nxe6 28. Nxc6 Rc8 29. Ne5 Rxc2 30. Kxc2 {[%mdl 4096] Endgame KRN-KRN} Rh2+ 31. Kc3 f6 32. Nd3 g5 33. a4 d4+ ({Black should play} 33... Rh7 $15) 34. Kc4 $11 Rc2+ 35. Kb5 $2 {[%mdl 8192] [#]} (35. Kb3 $1 $11 {and White has nothing to worry.} Rc8 36. Rh1) 35... Nc5 $1 $19 {Black is clearly winning.} 36. Nxc5 Rxb2+ (36... Rxc5+ $2 37. Kb6 $19) 37. Kxa5 (37. Kc4 $142 Rb4+ 38. Kd3 Kxc5 39. f4 gxf4 40. Re4) 37... Kxc5 38. Re8 {Precision: White = 57%, Black = 77%.} 0-1

[Event "Spring Chess Classic 2017-B"]
[Site "Saint Louis"]
[Date "2017.05.20"]
[Round "5"]
[White "Chandra, Akshat"]
[Black "Paikidze, Nazi"]
[Result "1-0"]
[WhiteElo "2495"]
[BlackElo "2372"]
[Annotator "TA"]
[PlyCount "69"]
[EventDate "2017.??.??"]
[EventType "tourn"]
[EventCountry "USA"]
[SourceTitle "playchess.com"]
[Source "ChessBase"]
[SourceQuality "1"]

{[%evp 15,68,15,28,44,31,36,36,39,33,35,61,47,48,54,90,83,88,121,115,126,160,121,128,163,177,175,161,164,223,226,220,118,129,75,47,32,20,29,0,31,155,-54,-87,-129,-106,-242,-250,-223,418,370,29994,29995,29997,29998,29999]} 1. e4 c6 2. Nc3 d5 3. Nf3 Bg4 4. h3 Bxf3 5. Qxf3 e6 6. d3 Nd7 7. Bd2 Ngf6 8. g4 h6 9. O-O-O {B11: Caro-Kann: Two Knights Variation} Qb6 10. h4 Ne5 11. Qe2 {White is slightly better.} d4 (11... Nexg4 $6 12. e5 $16) 12. Nb1 $1 c5 13. f4 Nc6 14. Bh3 Nd7 {[#]} 15. Na3 $146 ({Predecessor:} 15. g5 c4 16. g6 O-O-O 17. gxf7 {1-0 (47) Lu,S (2614)-Andreikin,D (2743) Moscow 2016}) 15... Qa6 {Strongly threatening ...c4.} 16. Kb1 b5 17. g5 $1 c4 18. dxc4 {[%cal Bd3c4,Bc4b5][%mdl 32]} Bxa3 19. cxb5 ({But not} 19. bxa3 $2 bxc4 20. Ka1 d3 $17) 19... Qb6 20. gxh6 gxh6 21. Qc4 Nc5 (21... Rb8 {might work better.}) 22. bxa3 $18 Rb8 23. Bf1 (23. a4 $18) 23... Nxe4 $16 24. Kc1 (24. f5 $142) 24... Ne7 25. Bb4 Rg8 $1 {Threatens to win with ...Nf2.} 26. Be2 Nf2 27. Bc5 $40 {[%mdl 128] White attacks.} Qb7 ({Black should play} 27... Qc7 $1 $14 28. f5 Nxf5) 28. Rhf1 $2 (28. f5 $1 $16 {[%cal Rf5e6]} Nxf5 29. Rhg1 Rxg1 30. Rxg1) 28... Nxd1 $15 29. Rxd1 Rc8 $1 {White must now prevent ...Qc7.} 30. Qxd4 (30. b6 $17 {was necessary.} axb6 31. Qa4+ Kf8 32. Bxd4) 30... Qc7 $19 31. Bf3 {and if Qd6 works, White does fine.} f5 $4 {[%mdl 8192]} ({Don't capture} 31... Qxc5 $2 32. Bc6+ $1 {[%mdl 512]} Nxc6 33. Qxc5 $18) (31... Nf5 $1 $19 {[%cal Rf5d4] avoids the disaster.} 32. Qb4 Qxc5 33. Bc6+ Rxc6 34. bxc6 Qb6) 32. Qf6 Qxf4+ $2 (32... Qxc5 $18 33. Bh5+ {[#]} Rg6 $1 {[%mdl 512]} 34. Bxg6+ Nxg6 35. Qxg6+ Ke7 36. Qh7+ Ke8 37. Qg8+ Ke7 38. Qh7+ Ke8 39. Qd7+ Kf8 40. Qd6+ Kf7 41. Qxc5 Rxc5 42. Rd7+ Ke8) 33. Kb1 {[%csl Gc5][%cal Rf6e7] White mates.} Rxc5 34. Bh5+ Ng6 35. Rd8# {Precision: White = 49%, Black = 41%.} 1-0

[Event "Spring Chess Classic 2017-B"]
[Site "Saint Louis"]
[Date "2017.05.20"]
[Round "5"]
[White "Liang, Awonder"]
[Black "Lenderman, Alex"]
[Result "1-0"]
[WhiteElo "2488"]
[BlackElo "2587"]
[Annotator "TA"]
[PlyCount "53"]
[EventDate "2017.??.??"]
[EventType "tourn"]
[EventCountry "USA"]
[SourceTitle "playchess.com"]
[Source "ChessBase"]
[SourceQuality "1"]

{[%evp 16,52,6,-17,-2,-8,-7,-23,38,37,33,0,0,0,162,152,155,158,220,218,230,220,193,219,209,61,423,385,629,629,629,629,629,629,629,629,629,616,29999]} 1. e4 c6 2. Nc3 d5 3. Nf3 Bg4 4. h3 Bxf3 5. Qxf3 e6 6. d4 Nf6 7. Bd3 {[%cal Bf1d3,Bd3e4,Be4f5,Bf5e6][%mdl 32]} dxe4 8. Nxe4 Qxd4 {B11: Caro-Kann: Two Knights Variation} 9. O-O {LiveBook: 7 Games} (9. c3 $5 {[%cal Rc3d4]} Qd5 10. Nxf6+ gxf6 11. Be4 $14 (11. Qxf6 Qxg2 12. Rf1 Rg8 $11)) (9. c3 Qd8 10. O-O Nxe4 11. Bxe4 Bd6 12. Rd1 Qc7 13. Qd3 Be5 14. Bxh7 Nd7 15. Be4 O-O-O 16. Qf3 {½-½ (44) Mamedov,R (2655)-Eljanov,P (2765) Shamkir 2016}) 9... Nxe4 10. Bxe4 Nd7 {The position is equal.} 11. Bf4 {[%cal Bc1f4,Bf4d6,Bd6c5][%mdl 32]} Rc8 $146 ({Don't blunder} 11... Qxb2 $2 12. Rab1 $18) (11... Qb6 $11) ({Predecessor:} 11... Qf6 12. Rad1 {½-½ (32) Drus,M (1451)-Hall,D (1656) LSS email 2012}) 12. Rad1 $14 Qf6 13. Rfe1 Nc5 14. Qg3 {Bg5 is the strong threat.} Qxb2 $2 (14... Be7 $11) 15. Bf5 $1 $18 Qxa2 16. Bd6 $1 {[%cal Rd6c5]} Qa5 (16... Qb2 $16 {might work better.}) 17. Bxc5 $1 Qxc5 {[#]} 18. Bxe6 $1 {[%mdl 512]} fxe6 19. Rxe6+ Be7 {[#] aiming for ...0-0.} 20. Rde1 $40 {[%mdl 128] White is up to no good.} ({White has to play} 20. Re5 $1 $18 {[%cal Re5c5]} Qb4 21. c3 (21. Qxg7 Rf8 $16)) 20... O-O $2 {[%mdl 8192]} ({Black should try} 20... g6 $14) 21. Rxe7 {[%csl Ge7][%cal Rg3g7]} Rf7 $2 (21... g6 22. Qb3+ (22. Rxb7 Rce8 $16) 22... Qd5) 22. Rxf7 Kxf7 23. Qb3+ Kf8 {[#]} 24. Qe6 $1 {[%cal Re6c8]} Rd8 25. Re5 Rd1+ 26. Kh2 {[%csl Ge5][%cal Re6e8]} Qd6 {Hoping for ...Qxe6.} 27. Qe8# {Precision: White = 85%, Black = 51%.} 1-0